000 00342nam a2200109Ia 4500
008 171211s9999 xx 000 0 und d
245 _aLearning PHP, MySQL & JavaScript: With jQuery, CSS & HTML5, 4th Edition
245 _cRobin Nixon
260 _c2015
650 _xWeb Development
856 _uhttp://down.ebook777.com/008/9781491918661.pdf
999 _c350110
_d350110